Cuentos amatorios.
| Main Author: | |
|---|---|
| Format: | Book |
| Language: | Spanish |
| Published: |
Madrid :
Sucesores de Rivadeneyra,
[1905]
|
| Edition: | Nueva edicion. |
| Series: | Colección de escritores castellanos
Novelas cortas de d. Pedro Antonio de Alarcon; primera serie Obras de d. Pedro Antonio de Alarcon. Novelas cortas ; 1. ser |
MARC
| Tag | First Indicator | Second Indicator | Subfields |
|---|---|---|---|
| LEADER | 00000cam a2200000 4500 | ||
| 001 | in00000028206 | ||
| 005 | 20151007060024.0 | ||
| 008 | 820616s1905 sp c 00011 spa d | ||
| 035 | |a (OCoLC)08523471 | ||
| 035 | |9 AAB9901AM | ||
| 040 | |a KLG |c KLG |d TXA |d UtOrBLW | ||
| 049 | |a TXAM |c [A11497851] | ||
| 050 | 4 | |a PQ6502 |b .C83 1933 | |
| 100 | 1 | |a Alarcón, Pedro Antonio de, |d 1833-1891. | |
| 245 | 1 | 0 | |a Cuentos amatorios. |
| 250 | |a Nueva edicion. | ||
| 264 | 1 | |a Madrid : |b Sucesores de Rivadeneyra, |c [1905] | |
| 264 | 3 | |c 1933 printing | |
| 300 | |a xlix, 285 pages : |b portrait ; |c 19 cm. | ||
| 336 | |a text |b txt |2 rdacontent | ||
| 337 | |a unmediated |b n |2 rdamedia | ||
| 338 | |a volume |b nc |2 rdacarrier | ||
| 490 | 0 | |a Colección de escritores castellanos | |
| 490 | 0 | |a Novelas cortas de d. Pedro Antonio de Alarcon; primera serie | |
| 490 | 0 | |a Obras de d. Pedro Antonio de Alarcon. Novelas cortas ; |v 1. ser | |
| 505 | 0 | |a Biografía del autor.--Sinfonia: Conjugación del verbo "amar."-- La comendadora.--El coro de Angeles.--Novela natural.--El clavo.--La última calaverada.--La belleza ideal.--El abrazo de Vergara.--Sin un cuarto.-- P̂or qué era rubia?--Tic ... Tac. | |
| 999 | |a MARS | ||
| 999 | f | f | |s 6b26b3f3-c075-3ce7-932d-e0f5d09c06e0 |i d3fff37d-c525-3de0-8835-093fb27dab30 |t 0 |
| 952 | f | f | |p ric |a Texas A&M University |b Rellis Campus |c Joint Library Facility |d Remote Storage |t 0 |e PQ6502 .C83 1933 |h Library of Congress classification |i unmediated -- volume |m A14811497851 |
| 998 | f | f | |a PQ6502 .C83 1933 |t 0 |l Remote Storage |